00258nam a2200109Ia 4500008004100000041000800041082001500049100001700064245002200081260004000103365000500143240624s9999 xx 000 0 und d aeng a332.64 WIL aWILMOTT PAUL aBEST OF WILMOTT 2 c2005aChichesterbJohn Wiley & Sons c